000 00358nam a22001217a 4500
008 190315b xxu||||| |||| 00| 0 eng d
041 _aeng
080 _a043.3
100 _a0
101 _aARK-BA
245 _aDizajnimi i objektit banesor dhe afarist me theks në dizajnin e jashtëm duke përfshirë dhe hapsirën publike
_cSylejmani,A
942 _2udc
_cBK
999 _c54856
_d54856